LEADER 01492nam a2200337 a 4500 001 000000143928 003 CaOOAMICUS 005 20150609114902.0 008 150609s2015 it a u000 u ita r 020 $a978-88-430-7428-0 040 $aPUL$bita 082 04$a027 100 1 $aMarchesini, Gabriele.$0(OLS)http://pul/name/92456 245 10$aSulle tracce di Archimede :$bviaggio nella Biblioteca Malatestiana /$cGabriele Marchesini ; cura e note di Franco Pollini. 260 $aRoma :$bCarocci,$cİ2015. 300 $a55 p. :$bill. ;$c21 cm+$e1 Cd-Rom 490 1 $aLingue e letterature Carocci ;$v182 490 1 $aTeatro e scienza ;$v01 504 $aBibliografia in nota. 610 24$aBiblioteca Malatestiana (Cesena).$0(OLS)http://pul/subject/41837 700 1 $aPollini, Franco.$0(OLS)http://pul/name/92457 830 0$aLingue e letterature Carocci ;$v182.$0(OLS)http://pul/title/182090 830 0$aTeatro e scienza ;$v01.$0(OLS)http://pul/title/182091 850 $aPUL 852 $aPUL$W1$xDP2 Cons. Gen., Altre Classi 3$y97$m027 POLFR 1$j166001$qDDC 21$B166428$CPULBib$Z2$F166428 $H126059 $82 941 1 $a9 996 $6020$a978-88-430-7428-0$9(OLS)http://pul/number/157807 996 $6082$a027$9(OLS)http://pul/classification/1896 996 $6245$aSulle tracce di Archimede :$bviaggio nella Biblioteca Malatestiana$9(OLS)http://pul/title/182089 996 $6260$aRoma :$bCarocci$9(OLS)http://pul/publisher/66917 LEADER 01249nam a2200277 a 4500 001 000000152539 003 CaOOAMICUS 005 20160624095730.0 008 160624s2016 gw u001 u eng r 020 $z978-3-16-153299-3* 032 $aLibriCat 040 $aPUL$bita 245 00$aEvil in second temple judaism and early christianity /$cedited by Chris Keith and Loren T. Stuckenbruck. 260 $aTübingen :$bMohr Siebeck,$cİ2016. 300 $aVIII, 417 p. ;$c24 cm. 490 1 $aWissenschaftliche Untersuchungen zum Neuen Testament. Reihe 2 ;$v417 504 $aInclude riferimenti bibliografici e indici. 650 4$aMale (religioni comparate).$0(OLS)http://pul/subject/40658 830 0$aWissenschaftliche Untersuchungen zum Neuen Testament.$nReihe 2 ;$v417.$0(OLS)http://pul/title/264 850 $aPUL 852 $aPUL$W1$xSL Religione 1$y3$m16 I 417$j175641$qStampati$B177975$CPULBib$Z2$F177975 $H127910 $81 941 1 $a8 996 $6020$z978-3-16-153299-3*$9(OLS)http://pul/number/160550 996 $6245$aEvil in second temple judaism and early christianity$9(OLS)http://pul/title/191950 996 $6260$aTübingen :$bMohr Siebeck$9(OLS)http://pul/publisher/52004